000
00376nam a22001577a 4500
003
MPLRDC
005
20220104144144.0
008
210129b ||||| |||| 00| 0 eng d
082
_a
544.67 ZYN
100
_a
陈亚南主编
245
_a
怎样教出好孩子
_c
260
_a
_b
宇宙出版社
_c
300
_b
平
650
_a
青少年问题
942
_c
BK
_o
544.67 ZYN
999
_c
46911
_d
46901